| 000 | 00000nam##2200000za#4500 |
| 001 | 9.646657 |
| 003 | CaOODSP |
| 005 | 20200514165819 |
| 007 | ta |
| 008 | 150407|1996||||xxc||||| f|0| 0 eng|d |
| 020 | |a0-662-25951-3 |
| 040 | |aCaOODSP|beng |
| 043 | |an-cn--- |
| 086 | 1 |aNH15-182/1997E |
| 110 | 2 |aCanada Mortgage and Housing Corporation. |
| 245 | 10|aSymposium: housing the next century : |bproceedings / |cEdited by Avi Friedman. |
| 260 | |aMontreal - Quebec : |bCanada Mortgage and Housing Corporation |c1996. |
| 300 | |a39p. : |bfigs., graphs ; |c28 cm. |
| 563 | |aSoftcover |
| 590 | |a97-29|b1997-07-18 |
| 720 | 1 |aFriedman, Avi |
| 775 | 08|tSymposium sur le logement au XXIe siècle : |w(CaOODSP)9.680175 |